MARC

LEADER 00000nam0a2200000 4500
001 309061
005 20231102002143.0
035 |a (RuTPU)RU\TPU\book\334383 
090 |a 309061 
100 |a 20151110d1981 km y0rusy50 ca 
101 0 |a rus 
102 |a RU 
105 |a y z 001zy 
200 1 |a История советского театроведения. 1917-1941  |e очерки  |f Академия наук СССР (АН СССР) ; Всесоюзный научно-исследовательский институт искусствознания (ВНИИИ) ; Ленинградский государственный институт театра, музыки и кинематографии (ЛГИТМиК) ; под ред. Г. А. Хайченко 
210 |a Москва  |c Наука  |d 1981 
215 |a 365 с.  |c ил. 
320 |a Указатель имен: с. 355-363 
606 1 |a Театроведение  |2 stltpush  |3 (RuTPU)RU\TPU\subj\58744  |9 76496 
610 1 |a история 
610 1 |a 20 век 
610 1 |a СССР 
610 1 |a дореволюционный период 
610 1 |a драматический театр 
610 1 |a древнерусский театр 
610 1 |a 18 век 
610 1 |a 19 век 
610 1 |a драматургия 
610 1 |a режиссеры 
610 1 |a оформительское искусство 
675 |a 791.072  |v 4 
702 1 |a Хайченко  |b Г. А.  |4 340 
712 0 2 |a Академия наук СССР (АН СССР)  |c (Ленинград/Москва)  |c (1925-1991)  |2 stltpush  |3 (RuTPU)RU\TPU\col\722 
712 0 2 |a Всесоюзный научно-исследовательский институт искусствознания (ВНИИИ)  |c (1961-1991)  |c (Москва)  |2 stltpush  |3 (RuTPU)RU\TPU\col\9567 
712 0 2 |a Ленинградский государственный институт театра, музыки и кинематографии (ЛГИТМиК)  |c (1962-1993)  |2 stltpush  |3 (RuTPU)RU\TPU\col\15503 
801 1 |a RU  |b 63413507  |c 20151110 
801 2 |a RU  |b 63413507  |c 20180912  |g RCR 
942 |c BK